[Event "Catalunya-chT Gp2"]
[Site "Barcelona"]
[Date "2024.02.03"]
[Round "3.5"]
[White "Martin Perez, Pau"]
[Black "Villa Tornero, Alex"]
[Result "0-1"]
[WhiteElo "2042"]
[BlackElo "2321"]
[PlyCount "84"]
[EventDate "2024.01.20"]
[EventType "team-tourn"]
[EventRounds "7"]
[EventCountry "ESP"]
[SourceTitle "CBM 219 Extra"]
[Source "ChessBase"]
[SourceDate "2024.05.31"]
[SourceVersion "1"]
[SourceVersionDate "2024.05.31"]
[SourceQuality "1"]
[WhiteTeam "Llinars"]
[BlackTeam "Barbera"]
[WhiteTeamCountry "ESP"]
[BlackTeamCountry "ESP"]

1. Nf3 Nf6 2. b3 e6 3. Bb2 c5 4. e3 b6 5. c4 Bb7 6. Be2 Be7 7. 0-0 0-0 8. d4 cxd4 9. Nxd4 a6 10. Bf3 Qc7 11. Nd2 d6 12. Qc2 Nbd7 13. Ne4 Rac8 14. Rac1 Ne5 15. Nxf6+ Bxf6 16. Be4 h6 17. h3 Qb8 18. f4 Nd7 19. f5 Bxe4 20. Qxe4 Nc5 21. Qc2 e5 22. Ne2 d5 23. Nc3 dxc4 24. bxc4 e4 25. Nd5 Bxb2 26. Qxb2 Nd3 27. Qd4 Nxc1 28. Ne7+ Kh7 29. Rxc1 Rcd8 30. Qxe4 f6 31. Nc6 Qb7 32. Qe6 Rc8 33. Nd4 Rfe8 34. Qd6 Rxe3 35. Ne6 Qe4 36. Qd7 Rg3 37. Qd2 Qxf5 38. Nf4 Re8 39. Kh2 Rge3 40. Nd5 Re2 41. Qc3 Rxg2+ 42. Kxg2 Re2+ 0-1

[Event "La Pobla de Lillet op-A 28th"]
[Site "La Pobla de Lillet"]
[Date "2018.08.07"]
[Round "7"]
[White "Simon Padros, Emili"]
[Black "Martin Perez, Pau"]
[Result "1-0"]
[WhiteElo "2166"]
[BlackElo "1874"]
[PlyCount "45"]
[EventDate "2018.08.01"]
[EventType "swiss"]
[EventRounds "9"]
[EventCountry "ESP"]
[SourceTitle "CBM 185 Extra"]
[Source "ChessBase"]
[SourceDate "2018.07.29"]
[SourceVersion "1"]
[SourceVersionDate "2018.07.29"]
[SourceQuality "1"]

1. e4 d6 2. d4 g6 3. Nf3 Bg7 4. Be2 Nf6 5. Nc3 a6 6. 0-0 0-0 7. Be3 b5 8. a3 Bb7 9. Nd2 Nbd7 10. f4 c5 11. d5 e6 12. dxe6 fxe6 13. Bf3 Qc7 14. Bf2 d5 15. e5 Ne4 16. Bxe4 dxe4 17. Qg4 Qc6 18. Ncxe4 Kh8 19. Be3 Rad8 20. Rad1 Ba8 21. Ng5 Rf5 22. Ndf3 Rdf8 23. Rd6 1-0

[Event "Llinars del Valles op-A 10th"]
[Site "Llinars del Valles"]
[Date "2016.05.07"]
[Round "6"]
[White "Martin Perez, Pau"]
[Black "Rodriguez Martinez, Juan P"]
[Result "0-1"]
[WhiteElo "1855"]
[BlackElo "1946"]
[PlyCount "66"]
[EventDate "2016.04.02"]
[EventType "swiss"]
[EventRounds "9"]
[EventCountry "ESP"]
[SourceTitle "CBM 172 Extra"]
[Source "ChessBase"]
[SourceDate "2016.06.21"]
[SourceVersion "1"]
[SourceVersionDate "2016.06.21"]
[SourceQuality "1"]

1. e4 c5 2. Nf3 e6 3. d3 Nc6 4. g3 d5 5. Qe2 Be7 6. Bg2 Nf6 7. e5 Nd7 8. 0-0 b5 9. h4 h6 10. c3 Bb7 11. b3 a6 12. Bf4 g5 13. hxg5 hxg5 14. Bc1 g4 15. Nh2 Ndxe5 16. Nxg4 Nxg4 17. Qxg4 Ne5 18. Qe2 Ng6 19. Bb2 Qd7 20. Nd2 Bf6 21. d4 c4 22. Ba3 0-0-0 23. bxc4 dxc4 24. Ne4 Be7 25. Bxe7 Qxe7 26. a4 f5 27. Nc5 Bxg2 28. Kxg2 Nf4+ 29. Kf3 Nxe2 30. Kxe2 e5 31. Nxa6 exd4+ 32. Kd2 dxc3+ 33. Kxc3 Rd3+ 0-1

[Event "Llinars del Valles op-A 9th"]
[Site "Llinars del Valles"]
[Date "2015.05.30"]
[Round "7"]
[White "Martin Perez, Pau"]
[Black "Franch Guiral, Ramon"]
[Result "1/2-1/2"]
[WhiteElo "1843"]
[BlackElo "1924"]
[PlyCount "80"]
[EventDate "2015.04.11"]
[EventType "swiss"]
[EventRounds "9"]
[EventCountry "ESP"]
[SourceTitle "EXT 2016"]
[Source "ChessBase"]
[SourceDate "2015.10.08"]
[SourceVersion "1"]
[SourceVersionDate "2015.10.08"]
[SourceQuality "1"]

1. Nf3 d6 2. g3 Nf6 3. Bg2 g6 4. d3 Bg7 5. 0-0 0-0 6. e4 e5 7. c3 c5 8. Qc2 Nc6 9. Rd1 Bg4 10. h3 Bxf3 11. Bxf3 Rc8 12. Bg2 h6 13. Be3 b6 14. f4 Nh5 15. Qf2 exf4 16. gxf4 Qc7 17. d4 Ne7 18. Bf3 Nf6 19. Na3 a6 20. dxc5 dxc5 21. Nc4 Rcd8 22. e5 Nfd5 23. Nd6 Nxe3 24. Qxe3 Nc8 25. Nxc8 Qxc8 26. Bg4 Qc7 27. Rxd8 Rxd8 28. Rd1 h5 29. Rxd8+ Qxd8 30. Be2 Qd5 31. Qd3 Qxd3 32. Bxd3 a5 33. Kf2 Kf8 34. Ke3 Ke7 35. Ke4 Bh6 36. f5 gxf5+ 37. Kxf5 Bc1 38. b3 Bd2 39. c4 h4 40. Be4 Be3 1/2-1/2

[Event "Llinars del Valles op-A 9th"]
[Site "Llinars del Valles"]
[Date "2015.05.02"]
[Round "4"]
[White "Martin Perez, Pau"]
[Black "Arnijas Fabregas, Marc"]
[Result "1-0"]
[WhiteElo "1843"]
[BlackElo "1936"]
[PlyCount "97"]
[EventDate "2015.04.11"]
[EventType "swiss"]
[EventRounds "9"]
[EventCountry "ESP"]
[SourceTitle "EXT 2016"]
[Source "ChessBase"]
[SourceDate "2015.10.08"]
[SourceVersion "1"]
[SourceVersionDate "2015.10.08"]
[SourceQuality "1"]

1. e4 Nc6 2. Nf3 d6 3. Bc4 Nf6 4. d3 Bg4 5. h3 Bxf3 6. Qxf3 Ne5 7. Qe2 Nxc4 8. dxc4 g6 9. c5 Qd7 10. cxd6 cxd6 11. c3 Bg7 12. 0-0 0-0 13. Bf4 b5 14. Na3 b4 15. cxb4 Qb7 16. e5 Nh5 17. Bh2 Qxb4 18. exd6 Qxb2 19. Qf3 Qxa1 20. Rxa1 Bxa1 21. dxe7 Rfe8 22. Nb5 Rac8 23. g4 Ng7 24. Nd6 Rc1+ 25. Kg2 Rxe7 26. Qa8+ Ne8 27. Nxe8 Rce1 28. Nf6+ Kg7 29. g5 Bxf6 30. gxf6+ Kxf6 31. Qh8+ Kf5 32. Qxh7 R1e6 33. Qh4 Re4 34. Bf4 Ke6 35. Qg4+ Kd5 36. Qg5+ Kc6 37. Qf6+ R4e6 38. Qc3+ Kd5 39. Qd3+ Kc5 40. Be3+ Kc6 41. Qc4+ Kb7 42. Qb5+ Kc8 43. Qc5+ Rc7 44. Qd5 Rcc6 45. Bxa7 g5 46. Be3 f6 47. a4 Kc7 48. a5 Re5 49. Bb6+ 1-0

[Event "Mataro op 11th"]
[Site "Mataro"]
[Date "2014.11.08"]
[Round "7"]
[White "Martin Perez, Pau"]
[Black "Silva Schultze, Luis"]
[Result "1-0"]
[WhiteElo "1954"]
[BlackElo "1906"]
[PlyCount "129"]
[EventDate "2014.09.27"]
[EventType "swiss"]
[EventRounds "9"]
[EventCountry "ESP"]
[SourceTitle "EXT 2016"]
[Source "ChessBase"]
[SourceDate "2015.10.08"]
[SourceVersion "1"]
[SourceVersionDate "2015.10.08"]
[SourceQuality "1"]

1. e4 c5 2. Nf3 d6 3. Bb5+ Bd7 4. Bxd7+ Nxd7 5. c3 Ngf6 6. Qe2 e5 7. 0-0 Be7 8. d4 Qc7 9. dxe5 dxe5 10. c4 h6 11. Nc3 0-0 12. b3 Rfe8 13. Bb2 Bf8 14. Rad1 a6 15. Nd5 Nxd5 16. Rxd5 f6 17. Nh4 Nb6 18. Rdd1 Qf7 19. Qg4 Kh7 20. Nf5 Rad8 21. Ne3 Qg6 22. Qxg6+ Kxg6 23. Bc3 Bd6 24. Ba5 Bc7 25. b4 cxb4 26. Bxb4 Rd4 27. Rxd4 exd4 28. Nd5 Bd8 29. c5 Nc4 30. Rc1 Nb2 31. f3 Nd3 32. Rc4 Nxb4 33. Rxb4 d3 34. Rd4 f5 35. exf5+ Kxf5 36. Rxd3 Ba5 37. Ne3+ Kg6 38. Rb3 Re7 39. Nc4 Bc7 40. g3 Bd8 41. Nd6 b6 42. cxb6 Re6 43. b7 Bc7 44. Ne4 Bb8 45. Kg2 Rc6 46. Rb2 a5 47. f4 a4 48. a3 h5 49. Kf3 Kf5 50. Rb4 Rc2 51. Rb5+ Kg6 52. Nc5 Kf7 53. Nxa4 Rc4 54. Rb4 Rc2 55. Rb5 g6 56. Rc5 Ra2 57. Rc3 Ke7 58. Nc5 Rxh2 59. Na6 Ba7 60. b8Q Bxb8 61. Nxb8 Ra2 62. Nc6+ Kd6 63. Ne5 g5 64. Nc4+ Kd5 65. fxg5 1-0

[Event "Mataro op 11th"]
[Site "Mataro"]
[Date "2014.11.01"]
[Round "6"]
[White "Ferre Navarro, Joan"]
[Black "Martin Perez, Pau"]
[Result "1/2-1/2"]
[WhiteElo "1846"]
[BlackElo "1954"]
[PlyCount "124"]
[EventDate "2014.09.27"]
[EventType "swiss"]
[EventRounds "9"]
[EventCountry "ESP"]
[SourceTitle "EXT 2016"]
[Source "ChessBase"]
[SourceDate "2015.10.08"]
[SourceVersion "1"]
[SourceVersionDate "2015.10.08"]
[SourceQuality "1"]

1. d4 Nf6 2. c4 g6 3. Nc3 Bg7 4. e4 d6 5. f3 0-0 6. Be3 c6 7. Nge2 e5 8. Qd2 Qc7 9. Bh6 Nbd7 10. g4 exd4 11. Nxd4 Ne5 12. Bxg7 Kxg7 13. Be2 Be6 14. b3 h6 15. g5 hxg5 16. Nxe6+ fxe6 17. Qxg5 Qf7 18. 0-0-0 Rad8 19. Kb1 Nh7 20. Qg3 Qf4 21. Rhg1 Qxg3 22. Rxg3 a6 23. Rf1 Kf6 24. f4 Nd7 25. Bd3 Rg8 26. Rfg1 Nhf8 27. h4 Rh8 28. Rg4 e5 29. f5 Rh6 30. Rf1 Ke7 31. Rh1 Nf6 32. Rg5 gxf5 33. Rxf5 Ng6 34. Rg1 Nxh4 35. Rg7+ Ke6 36. Rf2 Rd7 37. Rg3 Ng6 38. Kb2 Nf4 39. Bc2 b5 40. a4 bxc4 41. bxc4 Rdh7 42. Bb3 Rh2 43. Rxh2 Rxh2+ 44. Ka3 Rh7 45. c5+ d5 46. exd5+ cxd5 47. Re3 e4 48. Nxe4 Nxe4 49. Rxe4+ Kf5 50. Re8 Rc7 51. Bc2+ Kg4 52. Bd1+ Kg3 53. Kb4 Nd3+ 54. Ka5 Rxc5+ 55. Kxa6 Rc3 56. a5 d4 57. Rd8 Nb4+ 58. Kb5 Nc6 59. Rd6 Na7+ 60. Ka6 Rc6+ 61. Rxc6 Nxc6 62. Kb6 Nxa5 1/2-1/2

[Event "Mataro op 11th"]
[Site "Mataro"]
[Date "2014.10.04"]
[Round "2"]
[White "Martin Perez, Pau"]
[Black "Rodriguez Laborde, Carlos"]
[Result "1-0"]
[WhiteElo "1954"]
[BlackElo "1862"]
[PlyCount "135"]
[EventDate "2014.09.27"]
[EventType "swiss"]
[EventRounds "9"]
[EventCountry "ESP"]
[SourceTitle "EXT 2016"]
[Source "ChessBase"]
[SourceDate "2015.10.08"]
[SourceVersion "1"]
[SourceVersionDate "2015.10.08"]
[SourceQuality "1"]

1. e4 e5 2. Nf3 Nc6 3. Bb5 a6 4. Ba4 Nf6 5. 0-0 Be7 6. Re1 b5 7. Bb3 d6 8. c3 0-0 9. h3 Na5 10. Bc2 c5 11. d3 Qc7 12. Nbd2 Bb7 13. Nf1 Rac8 14. Ng3 g6 15. h4 h5 16. Bg5 Qd8 17. Qd2 Re8 18. Bd1 Nh7 19. Bxe7 Qxe7 20. Ng5 Nxg5 21. hxg5 Nc6 22. Bxh5 Nd8 23. Bg4 Ne6 24. Bxe6 Qxe6 25. Nf1 Kg7 26. Nh2 Rh8 27. f3 Rh5 28. Ng4 Rh7 29. d4 Qe7 30. dxe5 dxe5 31. Nf6 Rhh8 32. Rad1 Rcd8 33. Qf2 Bc6 34. Rxd8 Rxd8 35. Qh4 Rh8 36. Qf2 Rd8 37. g3 Bb7 38. f4 exf4 39. gxf4 Rh8 40. Re3 Qd8 41. Qe2 Qc8 42. Qg2 Qd8 43. Qe2 Qc8 44. Kg2 Rh4 45. Qd3 Qh8 46. Rh3 Rxh3 47. Qxh3 Qxh3+ 48. Kxh3 Bc6 49. Kg3 Kf8 50. Kf3 Ke7 51. Ke3 Ke6 52. Ng4 Ke7 53. f5 Bd7 54. Kf4 Kd6 55. Nf6 Bc6 56. Ng4 Bd7 57. e5+ Ke7 58. fxg6 fxg6 59. Nf6 Be6 60. a3 Bf7 61. Ne4 c4 62. Nc5 a5 63. Nb7 a4 64. Nd6 Be8 65. Nxe8 Kxe8 66. e6 Kd8 67. Ke5 Ke7 68. Kd5 1-0

[Event "Llinars del Valles op-A 8th"]
[Site "Llinars del Valles"]
[Date "2014.06.14"]
[Round "7"]
[White "Melero Sanchez, Pere"]
[Black "Martin Perez, Pau"]
[Result "1/2-1/2"]
[WhiteElo "1733"]
[BlackElo "1629"]
[PlyCount "47"]
[EventDate "2014.04.26"]
[EventType "swiss"]
[EventRounds "8"]
[EventCountry "ESP"]
[SourceTitle "EXT 2015"]
[Source "ChessBase"]
[SourceDate "2014.11.20"]
[SourceVersion "1"]
[SourceVersionDate "2014.11.20"]
[SourceQuality "1"]

1. d4 Nf6 2. c4 g6 3. Nc3 Bg7 4. e4 d6 5. f3 0-0 6. Be3 Nbd7 7. Qd2 c5 8. Nge2 a6 9. g4 cxd4 10. Nxd4 Ne5 11. Be2 Bd7 12. h3 Nc6 13. f4 Ne8 14. Nb3 Nc7 15. Bb6 Qc8 16. Nd5 Nxd5 17. cxd5 Na7 18. Rc1 Qe8 19. Rc7 Nc8 20. Rxb7 Nxb6 21. Rxb6 Bb5 22. Bxb5 axb5 23. a3 Qd7 24. Rc6 1/2-1/2

[Event "Llinars del Valles op-A 8th"]
[Site "Llinars del Valles"]
[Date "2014.05.31"]
[Round "5"]
[White "Pruja Ramirez de Cartagena, Eduardo"]
[Black "Martin Perez, Pau"]
[Result "1-0"]
[WhiteElo "1834"]
[BlackElo "1629"]
[PlyCount "55"]
[EventDate "2014.04.26"]
[EventType "swiss"]
[EventRounds "8"]
[EventCountry "ESP"]
[SourceTitle "EXT 2015"]
[Source "ChessBase"]
[SourceDate "2014.11.20"]
[SourceVersion "1"]
[SourceVersionDate "2014.11.20"]
[SourceQuality "1"]

1. e4 e5 2. Nf3 Nc6 3. d4 exd4 4. Nxd4 Bc5 5. Be3 Qf6 6. Nb5 Bxe3 7. fxe3 Qh4+ 8. g3 Qxe4 9. Nxc7+ Kd8 10. Nxa8 Qxh1 11. Qd6 Nge7 12. Nc3 Qf3 13. Qc7+ Ke8 14. Qf4 Qxf4 15. exf4 Nd4 16. 0-0-0 Ne6 17. Nb5 Nc6 18. Bg2 a6 19. Nd6+ Ke7 20. Bxc6 dxc6 21. Nb6 Bd7 22. Nxd7 g6 23. Nxb7 Nc7 24. Ne5 Ke6 25. Nc5+ Kf6 26. Rd7 Rf8 27. Rxc7 Kg7 28. Ne6+ 1-0

[Event "Roncana op-A 7th"]
[Site "Santa Eulalia de Roncana"]
[Date "2013.11.09"]
[Round "5"]
[White "Soler Colomer, Joan"]
[Black "Martin Perez, Pau"]
[Result "0-1"]
[WhiteElo "1547"]
[BlackElo "1609"]
[PlyCount "114"]
[EventDate "2013.10.05"]
[EventType "swiss"]
[EventRounds "8"]
[EventCountry "ESP"]
[SourceTitle "CBM 157 Extra"]
[Source "ChessBase"]
[SourceDate "2013.12.19"]
[SourceVersion "1"]
[SourceVersionDate "2013.12.19"]
[SourceQuality "1"]

1. Nf3 Nf6 2. d4 g6 3. c4 Bg7 4. Nc3 0-0 5. e4 d6 6. Bd3 Nbd7 7. 0-0 e5 8. d5 Nc5 9. Bc2 a5 10. Be3 Nh5 11. Bxc5 dxc5 12. Re1 Nf4 13. Ne2 g5 14. Nxf4 exf4 15. e5 g4 16. Qd3 Re8 17. Qxh7+ Kf8 18. Nd2 g3 19. fxg3 fxg3 20. Nf3 gxh2+ 21. Qxh2 Bg4 22. Rab1 Bxf3 23. gxf3 Qg5+ 24. Kf2 Rxe5 25. f4 Rf5 26. Bxf5 Qxf5 27. Qg3 Qc2+ 28. Kf1 Qxc4+ 29. Kg2 Qxd5+ 30. Qf3 Qd6 31. b3 Rd8 32. Rbd1 Qg6+ 33. Kf1 Bd4 34. Qh1 Qa6+ 35. Kg2 Qc6+ 36. Kh2 Qh6+ 37. Kg2 Qxf4 38. Qh3 Qg5+ 39. Qg3 Qxg3+ 40. Kxg3 Kg7 41. Kf3 Kf6 42. Re4 Rd5 43. Rh4 Rf5+ 44. Ke4 Re5+ 45. Kd3 Re3+ 46. Kd2 Rf3 47. Rh2 Kg5 48. Kc1 f5 49. Rg2+ Kf6 50. Rh1 f4 51. Rh6+ Kf5 52. Rh5+ Ke4 53. Rg6 Rf1+ 54. Kc2 Rf2+ 55. Kd1 Rxa2 56. Re6+ Kd3 57. Rh3+ Be3 0-1

[Event "Roncana op-A 7th"]
[Site "Santa Eulalia de Roncana"]
[Date "2013.10.19"]
[Round "3"]
[White "Martin Perez, Pau"]
[Black "Gaona Gonzalez, Gerard"]
[Result "0-1"]
[WhiteElo "1609"]
[BlackElo "2019"]
[PlyCount "83"]
[EventDate "2013.10.05"]
[EventType "swiss"]
[EventRounds "8"]
[EventCountry "ESP"]
[SourceTitle "CBM 157 Extra"]
[Source "ChessBase"]
[SourceDate "2013.12.19"]
[SourceVersion "1"]
[SourceVersionDate "2013.12.19"]
[SourceQuality "1"]

1. e4 d6 2. d4 Nf6 3. Nc3 e5 4. Nf3 Nbd7 5. Bc4 Be7 6. 0-0 0-0 7. a4 c6 8. Bb3 Qc7 9. Be3 b6 10. d5 c5 11. Nd2 a6 12. Qf3 Re8 13. g4 Nf8 14. h3 h6 15. Qg3 g5 16. f3 Ng6 17. Qh2 Kg7 18. Ne2 Bd7 19. Ng3 Rh8 20. c4 Rh7 21. Rf2 Rah8 22. Nf5+ Bxf5 23. exf5 Nf4 24. Bxf4 exf4 25. Ra3 h5 26. Bd1 hxg4 27. fxg4 Nd7 28. Ne4 Ne5 29. Be2 Qd8 30. Qg2 Bf6 31. Nxf6 Qxf6 32. Bf1 Rh4 33. Qe4 Qh6 34. Re2 Nxg4 35. Qe7 Ne3 36. Rb3 Nxf5 37. Qd7 Ng3 38. Re7 Qf6 39. Rxb6 Nf5 40. Re4 f3 41. Rg4 Rxg4+ 42. hxg4 0-1

[Event "Llinars del Valles op-B 7th"]
[Site "Llinars del Valles"]
[Date "2013.04.20"]
[Round "2"]
[White "Martin Perez, Pau"]
[Black "Rius Soler, Benjami"]
[Result "0-1"]
[WhiteElo "1566"]
[BlackElo "1771"]
[PlyCount "88"]
[EventDate "2013.04.13"]
[EventType "swiss"]
[EventRounds "7"]
[EventCountry "ESP"]
[SourceTitle "CBM 154 Extra"]
[Source "ChessBase"]
[SourceDate "2013.06.25"]
[SourceVersion "2"]
[SourceVersionDate "2013.06.25"]
[SourceQuality "1"]

1. e4 e6 2. Nf3 d5 3. Nc3 dxe4 4. Nxe4 Nd7 5. d4 Ngf6 6. Bd3 Nxe4 7. Bxe4 Nf6 8. Bd3 Be7 9. 0-0 0-0 10. c3 b6 11. Ne5 Bb7 12. Re1 c5 13. Be3 Be4 14. Bxe4 Nxe4 15. Nc6 Qc7 16. Nxe7+ Qxe7 17. Qf3 cxd4 18. Bxd4 Nf6 19. Re5 Rfd8 20. Rg5 Ne8 21. Qg3 f6 22. Rh5 Qf7 23. Rh3 e5 24. Be3 Qxa2 25. Re1 Qxb2 26. Qh4 Qc2 27. Qc4+ Kh8 28. Rg3 Rd1 29. Kf1 Rad8 30. Qe2 Rxe1+ 31. Qxe1 Rd1 32. Bd2 Qxd2 33. Re3 Rxe1+ 34. Rxe1 Qd3+ 35. Kg1 Qxc3 36. Rd1 Qc2 37. Rf1 Kg8 38. h3 a5 39. Re1 Kf7 40. Rf1 b5 41. Ra1 a4 42. Re1 b4 43. Ra1 a3 44. g3 a2 0-1

[Event "Benidorm New Generation U12 08th"]
[Site "Benidorm"]
[Date "2012.12.06"]
[Round "3.6"]
[White "Aledo Yanguas, Javier"]
[Black "Martin Perez, Pau"]
[Result "1/2-1/2"]
[WhiteElo "1653"]
[BlackElo "1549"]
[PlyCount "75"]
[EventDate "2012.12.05"]
[EventType "swiss"]
[EventRounds "7"]
[EventCountry "ESP"]
[SourceTitle "EXT 2024"]
[Source "ChessBase"]
[SourceDate "2023.10.10"]
[SourceVersion "1"]
[SourceVersionDate "2023.10.10"]
[SourceQuality "1"]

1. e4 e5 2. Nf3 Nc6 3. c3 Nf6 4. d4 exd4 5. e5 Nd5 6. cxd4 Bb4+ 7. Bd2 Bxd2+ 8. Qxd2 d6 9. exd6 Qxd6 10. Nc3 Nxc3 11. bxc3 0-0 12. Be2 Bf5 13. 0-0 Rfe8 14. Rfe1 Re7 15. Bd3 Bxd3 16. Rxe7 Qxe7 17. Qxd3 Re8 18. Qb5 Rb8 19. Re1 Qd6 20. h3 h6 21. Ne5 Nxe5 22. Rxe5 c6 23. Qb3 Qd7 24. a4 b6 25. Re4 Re8 26. Qc2 Rxe4 27. Qxe4 Qd5 28. Qxd5 cxd5 29. Kf1 Kf8 30. Ke2 Ke7 31. Kd3 Kd6 32. g4 g5 33. Ke3 f6 34. f4 Kc6 35. fxg5 fxg5 36. Kd3 a6 37. Kc2 Kd6 38. Kb3 1/2-1/2

[Event "Roncana op-B 6th"]
[Site "Santa Eulalia de Roncana"]
[Date "2012.12.01"]
[Round "8"]
[White "Lopez Pajuelo, Sergi"]
[Black "Martin Perez, Pau"]
[Result "1-0"]
[WhiteElo "1577"]
[BlackElo "1549"]
[PlyCount "87"]
[EventDate "2012.10.06"]
[EventType "swiss"]
[EventRounds "8"]
[EventCountry "ESP"]
[SourceTitle "EXT 2024"]
[Source "ChessBase"]
[SourceDate "2023.10.10"]
[SourceVersion "1"]
[SourceVersionDate "2023.10.10"]
[SourceQuality "1"]

1. d4 Nf6 2. Nc3 g6 3. e4 d6 4. Be2 Bg7 5. h4 Nc6 6. h5 gxh5 7. Bxh5 Nxh5 8. Qxh5 Nxd4 9. Qd1 Qd7 10. Bh6 Bxh6 11. Rxh6 Nc6 12. Nd5 Ne5 13. Qh5 Ng6 14. Rxh7 Rxh7 15. Qxh7 Nf8 16. Qh6 c6 17. Ne3 Qc7 18. 0-0-0 Be6 19. a3 0-0-0 20. Nf3 Ng6 21. Ng5 Qd7 22. g3 Rg8 23. f4 Bg4 24. Rd2 f6 25. Nf7 Be6 26. Qh7 Bxf7 27. Qxf7 Qe8 28. Qe6+ Kc7 29. Nf5 Qc8 30. Qf7 Qe8 31. Nxd6 Qxf7 32. Nxf7 Rg7 33. Nh6 e6 34. Ng4 Nxf4 35. gxf4 Rxg4 36. Rf2 Kd6 37. Kd2 Kc5 38. Kc3 Rg3+ 39. Kd2 Kd4 40. Re2 Rg4 41. c3+ Kc4 42. Rf2 c5 43. Kc2 a5 44. a4 1-0

[Event "Roncana op-B 6th"]
[Site "Santa Eulalia de Roncana"]
[Date "2012.11.10"]
[Round "5"]
[White "Martin Perez, Pau"]
[Black "Mostazo Torrubia, Rafael"]
[Result "1-0"]
[WhiteElo "1549"]
[BlackElo "1516"]
[PlyCount "97"]
[EventDate "2012.10.06"]
[EventType "swiss"]
[EventRounds "8"]
[EventCountry "ESP"]
[SourceTitle "EXT 2024"]
[Source "ChessBase"]
[SourceDate "2023.10.10"]
[SourceVersion "1"]
[SourceVersionDate "2023.10.10"]
[SourceQuality "1"]

1. e4 Nc6 2. d4 d5 3. e5 Bf5 4. Bb5 e6 5. Nf3 h6 6. Be3 Nge7 7. Nbd2 a6 8. Ba4 b5 9. Bb3 Na5 10. h3 Nec6 11. c3 Nc4 12. Nxc4 dxc4 13. Bc2 Ne7 14. Bxf5 Nxf5 15. Bf4 g5 16. Bh2 Qd5 17. Qe2 Be7 18. 0-0-0 0-0 19. g4 Ng7 20. h4 f5 21. hxg5 hxg5 22. gxf5 Rxf5 23. Nd2 Raf8 24. Bg3 Kf7 25. Rh7 Rg8 26. Qh5+ Kf8 27. Qg6 Ne8 28. Qh6+ Ng7 29. Rh1 Kf7 30. Qh5+ Kf8 31. Qg6 Qc6 32. R1h6 Qe8 33. Rxg7 Qxg6 34. Rgxg6 Rxg6 35. Rxg6 Kf7 36. Rh6 Bf8 37. Rf6+ Rxf6 38. exf6 c6 39. Ne4 Kg6 40. Kd2 Bh6 41. Ke3 Bf8 42. f4 gxf4+ 43. Kxf4 Bh6+ 44. Ke5 Bc1 45. Kxe6 Bxb2 46. f7 Ba3 47. Bd6 Bxd6 48. Nxd6 Kg7 49. Ke7 1-0

[Event "Roncana op-B 6th"]
[Site "Santa Eulalia de Roncana"]
[Date "2012.11.03"]
[Round "4"]
[White "Peinado Segovia, Rafael"]
[Black "Martin Perez, Pau"]
[Result "0-1"]
[WhiteElo "1332"]
[BlackElo "1549"]
[PlyCount "49"]
[EventDate "2012.10.06"]
[EventType "swiss"]
[EventRounds "8"]
[EventCountry "ESP"]
[SourceTitle "EXT 2024"]
[Source "ChessBase"]
[SourceDate "2023.10.10"]
[SourceVersion "1"]
[SourceVersionDate "2023.10.10"]
[SourceQuality "1"]

1. e4 e5 2. Nf3 Nc6 3. d4 exd4 4. Nxd4 Bc5 5. Bc4 Bxd4 6. 0-0 Nf6 7. c3 Bb6 8. Be3 Bxe3 9. fxe3 0-0 10. Nd2 Ne5 11. Be2 d5 12. Qc2 Bg4 13. Nf3 Nxf3+ 14. Bxf3 Bxf3 15. Rxf3 dxe4 16. Rff1 Qd3 17. Qc1 Ng4 18. Qe1 Qxe3+ 19. Qxe3 Nxe3 20. Rf2 Rfe8 21. Re2 Nc4 22. b3 Na3 23. Rae1 f5 24. Kf2 Rad8 25. c4 0-1

[Event "Llinars del Valles op-B 6th"]
[Site "Llinars del Valles"]
[Date "2012.04.28"]
[Round "3"]
[White "Martin Perez, Pau"]
[Black "Benet Saniger, Xavier"]
[Result "0-1"]
[WhiteElo "1544"]
[BlackElo "1752"]
[PlyCount "100"]
[EventDate "2012.04.14"]
[EventType "swiss"]
[EventRounds "9"]
[EventCountry "ESP"]
[SourceTitle "EXT 2013"]
[Source "ChessBase"]
[SourceDate "2012.11.22"]
[SourceVersion "1"]
[SourceVersionDate "2012.11.22"]
[SourceQuality "1"]

1. e4 c6 2. d4 d5 3. e5 Bf5 4. h4 h5 5. Bd3 Bxd3 6. Qxd3 e6 7. f4 Nh6 8. Nf3 Be7 9. Ng5 Nf5 10. Nc3 Nd7 11. Be3 a6 12. 0-0-0 Rc8 13. Nf3 c5 14. dxc5 Nxc5 15. Bxc5 Bxc5 16. Rhe1 Bb4 17. Nd4 Nxd4 18. Qxd4 Rc4 19. Qf2 Bxc3 20. bxc3 Rxc3 21. Qd4 Qa5 22. Re2 Qc5 23. Qa4+ Ke7 24. f5 Qa3+ 25. Qxa3+ Rxa3 26. fxe6 fxe6 27. Kb2 Ra4 28. g3 Rf8 29. Kb3 Rc4 30. Rd3 b5 31. Ree3 Rf2 32. Rc3 d4 33. Rf3 Rxc3+ 34. Rxc3 dxc3 35. Kxc3 Rf3+ 36. Kb4 Rxg3 37. Ka5 Ra3+ 38. Kb6 Rxa2 39. c3 Kd7 40. Kb7 Ra3 41. Kb8 Rxc3 42. Kb7 b4 43. Kb8 b3 44. Kb7 b2 45. Kb6 b1Q+ 46. Ka7 a5 47. Ka6 a4 48. Ka5 a3 49. Ka4 a2 50. Ka5 a1R# 0-1

[Event "Roncana op-C 5th"]
[Site "Santa Eulalia de Roncana"]
[Date "2011.11.26"]
[Round "8"]
[White "Rosas Lopez, Marc"]
[Black "Martin Perez, Pau"]
[Result "0-1"]
[WhiteElo "1833"]
[BlackElo "1849"]
[PlyCount "36"]
[EventDate "2011.10.01"]
[EventType "swiss"]
[EventRounds "8"]
[EventCountry "ESP"]
[SourceTitle "EXT 2013"]
[Source "ChessBase"]
[SourceDate "2012.11.22"]
[SourceVersion "1"]
[SourceVersionDate "2012.11.22"]
[SourceQuality "1"]

1. e4 e5 2. Nf3 Nf6 3. Nc3 Nc6 4. d4 exd4 5. Nxd4 Bb4 6. Bg5 h6 7. Nxc6 bxc6 8. Bxf6 Qxf6 9. Qd3 0-0 10. Be2 d5 11. 0-0 Bxc3 12. bxc3 dxe4 13. Qxe4 Bf5 14. Qf3 Rfe8 15. Bd3 Re5 16. g4 Bxg4 17. Qxf6 gxf6 18. Kh1 Bf3+ 0-1

[Event "Roncana op-C 5th"]
[Site "Santa Eulalia de Roncana"]
[Date "2011.10.08"]
[Round "2"]
[White "Ruiz Lopez, Helena"]
[Black "Martin Perez, Pau"]
[Result "0-1"]
[WhiteElo "1743"]
[BlackElo "1849"]
[PlyCount "67"]
[EventDate "2011.10.01"]
[EventType "swiss"]
[EventRounds "8"]
[EventCountry "ESP"]
[SourceTitle "EXT 2013"]
[Source "ChessBase"]
[SourceDate "2012.11.22"]
[SourceVersion "1"]
[SourceVersionDate "2012.11.22"]
[SourceQuality "1"]

1. d4 Nf6 2. e3 g6 3. Bd3 Bg7 4. Nf3 0-0 5. 0-0 d5 6. Nbd2 Nc6 7. b3 Qd6 8. Bb2 Nh5 9. c4 e5 10. cxd5 Qxd5 11. Bc4 Qd6 12. Ne4 Qe7 13. a4 exd4 14. Ba3 Qxe4 15. Bxf8 Kxf8 16. Ng5 Qf5 17. f4 dxe3 18. Bb5 Bxa1 19. Bxc6 bxc6 20. Qd8+ Kg7 21. Rxa1 e2 22. Qd4+ f6 23. Re1 Ba6 24. h3 Nxf4 25. Ne4 Nxh3+ 26. Kh2 Ng5 27. Ng3 Qe6 28. Qd2 Re8 29. Qf4 Qe5 30. Qd2 Ne4 31. Qd7+ Re7 32. Qxc6 Qxg3+ 33. Kh1 Qxe1+ 34. Kh2 0-1